| 000 | 01561cam a22002174a 4500 | ||
|---|---|---|---|
| 005 | 20250605164134.0 | ||
| 008 | 250528s ||||||||||||||||||||||||d | ||
| 035 | _a18713 | ||
| 020 | _a394368770 | ||
| 040 |
_aGR-AtMCL _bgre _dGR-AtMCL _eAACR2 |
||
| 245 | 1 | _aInternational Relations / The Global Condition in the Late Twentieth Century | |
| 250 | _a2nd | ||
| 260 |
_bRandom House, _c1988 |
||
| 300 | _a622 | ||
| 520 | _aIntroduction, The Study of International Relations and or Getting a Handle on the World, A Glimpse Into the Past: The Historical Development of the International System, A Bird's Eye View of the Present: The Contemporary International System, National Actors and International Interactions, Describing Foreign Policy Behavior: What Is It Nation-States Do?, Explaining Foreign Policy Behavior: Why Do Nation-States Do What They Do?, The Foreign Policy Process: A View from the Inside, Playing the Game of International Relations: Diplomacy Before Force, Breakdown in the Game: The Resort to Armed Force, International Institutions, International Law: Myth or Reality?, International Organizations: Links Between Governments and Between Peoples, The Global Condition: The Politics of Global Problem Solving, The Control of Violence: Combatting International Terrorism, The Promotion of Prosperity: Keeping the World Economy Running, Economic Development: The Call for a New International Economic Order | ||
| 700 | 1 |
_aPearson Frederic S _94964 |
|
| 700 | 1 |
_aRochester Martin J _94965 |
|
| 942 | _cBK | ||
| 999 |
_c4038 _d4038 |
||